| 000 | 00501nam a2200157 a 4500 | ||
|---|---|---|---|
| 001 | 000043230 | ||
| 005 | 20201002040737.0 | ||
| 008 | 140226s2013 dr ac 000 0 spa d | ||
| 020 | _a9789945408829 | ||
| 040 |
_aDO-SdBNP _bspa _cBNPHU |
||
| 082 |
_axxx _bH557u |
||
| 100 | 1 |
_aHernández, Jesús _95470 |
|
| 245 | 1 | 3 |
_aUn año más ... en la BAS 2013 / _cP. Jesús Hernández. |
| 260 |
_aSanto Domingo : _bArgos, _bBiblioteca Antillense Salesiana (BAS), _c2013. |
||
| 300 |
_a68 p. : _bil., retrs. ; _c22 cm. |
||
| 999 |
_c42719 _d42719 |
||